|
|
|
|
| LEADER |
01825nam a2200481 a 4500 |
| 001 |
nkc20132485092 |
| 003 |
CZ PrNK |
| 005 |
20130920090743.0 |
| 007 |
ta |
| 008 |
130827s2013 xr a e f 000 0 cze |
| 015 |
|
|
|a cnb002485092
|
| 020 |
|
|
|a 978-80-86940-51-9
|q (Výzkumný ústav bramborářský ;
|q brož.)
|
| 035 |
|
|
|a (OCoLC)859739513
|
| 040 |
|
|
|a ABA001
|b cze
|d OLA001
|
| 072 |
|
7 |
|a 632
|x Ochrana rostlin. Fytopatologie
|2 Konspekt
|9 24
|
| 080 |
|
|
|a 633.491
|2 MRF
|
| 080 |
|
|
|a 632.35
|2 MRF
|
| 080 |
|
|
|a 631.526
|2 MRF
|
| 080 |
|
|
|a (036)
|2 MRF
|
| 100 |
1 |
|
|a Hausvater, Ervín
|7 mzk2003171561
|4 aut
|
| 245 |
1 |
0 |
|a Aktinobakteriální obecná strupovitost bramboru /
|c Ervín Hausvater, Petr Doležal
|
| 250 |
|
|
|a Vyd. 2., aktualiz.
|
| 260 |
|
|
|a Havlíčkův Brod :
|b Výzkumný ústav bramborářský :
|b Poradenský svaz Bramborářský kroužek,
|c 2013
|
| 300 |
|
|
|a 11 s. :
|b barev. il. ;
|c 21 cm
|
| 490 |
1 |
|
|a Praktické informace ;
|v č. 47
|
| 500 |
|
|
|a Název z obálky
|
| 500 |
|
|
|a 2000 výt.
|
| 650 |
0 |
7 |
|a brambory
|7 ph114194
|2 czenas
|
| 650 |
0 |
7 |
|a obecná strupovitost brambor
|7 ph221970
|2 czenas
|
| 650 |
0 |
7 |
|a odrůdy zemědělských plodin
|7 ph135688
|2 czenas
|
| 650 |
0 |
9 |
|a potatoes
|2 eczenas
|
| 650 |
0 |
9 |
|a common potato scab
|2 eczenas
|
| 650 |
0 |
9 |
|a crops varieties
|2 eczenas
|
| 655 |
|
7 |
|a informační publikace
|7 fd132454
|2 czenas
|
| 655 |
|
9 |
|a information publications
|2 eczenas
|
| 700 |
1 |
|
|a Doležal, Petr
|7 xx0021811
|4 aut
|
| 830 |
|
0 |
|a Praktické informace
|0 s
|
| 856 |
4 |
1 |
|u http://www.digitalniknihovna.cz/mzk/uuid/uuid:236d1960-a4b0-11e5-b5dc-005056827e51
|y Digitalizovaný dokument
|x NDK
|
| 910 |
2 |
|
|a BOA001
|b 2-1310.336
|
| 990 |
|
|
|a BK
|
| 995 |
|
|
|a 01
|
| 991 |
|
|
|b 201309
|c NOV
|e n
|
| 996 |
6 |
|
|b 2610562094
|c 2-1310.336
|l MZK
|r Sklad / do 1 hodiny
|n 0
|p p.v.
|w 001359870
|u 000010
|a 1
|e BOA001
|j MZK50
|s P
|